| 000 | 00941nas a2200289 4500 | ||
|---|---|---|---|
| 001 | BR2019000143 | ||
| 003 | BR-BrBNA | ||
| 005 | 20231205131539.0 | ||
| 007 | ta | ||
| 008 | 230509b bl.|||p| |||| 00| 00por d | ||
| 040 |
_aBR-BrBNA _bpor _cBiblioteca Nacional de Agricultura |
||
| 041 | _a(En) | ||
| 072 | _aN20 | ||
| 100 | 1 | _aFarias, M.S. de | |
| 100 | 1 | _aSchlosser, J.F. | |
| 100 | 1 | _aLinares, P. | |
| 100 | 1 | _aBertollo, G.M. | |
| 100 | 1 | _aMartini, A.T. | |
| 245 | 1 | _aReduction of fuel consumption using driving strategy in agricultural tractor | |
| 650 | _aMÁQUINA AGRÍCOLA | ||
| 650 | _aTRATOR | ||
| 650 | _aCOMBUSTÍVEL | ||
| 773 | 0 |
_tRevista Brasileira de Engenharia Agrícola e Ambiental (Brazil) _xISSN 1807-1929 _g(Feb 2019), v. 23(2) p. 144-149 _wBR2019000143 |
|
| 856 | 4 | 0 | _uhttp://www.scielo.br/pdf/rbeaa/v23n2/1415-4366-rbeaa-23-02-0144.pdf |
| 909 |
_a202311 _bLúcia _c55 _dLúcia Elande |
||
| 942 |
_2AGRIS _n0 _cANA |
||
| 999 |
_c255385 _d255385 |
||